15 Największych Miast w Czechach i Słowacji na Mapie - Statystyki

Ogólne statystyki
  • Ten quiz został rozwiązany 379 razy
  • Średni wynik to 9 z 15
Odpowiedzi na mapie
Odpowiedzi zakodowano w zielono-czerwonej skali na mapie do tego quizu, zgodnie z poniższymi procentami.
 
Statystyki odpowiedzi
Państwo Odpowiedź Populacja % Poprawnych
Czechy Praga 1,4 mln
100%
Słowacja Bratysława 480k
99%
Słowacja Koszyce 225k
91%
Czechy Brno 400k
90%
Czechy Ostrawa 280k
90%
Czechy Pilzno 190k
70%
Czechy Ołomuniec 100k
69%
Czechy Liberec 100k
68%
Słowacja Żylina 80k
54%
Czechy Hradec Kralove 95k
43%
Słowacja Preszów 80k
43%
Czechy Pardubice 90k
38%
Czechy Czeskie Budziejowice 100k
35%
Słowacja Nitra 75k
35%
Czechy Uście Nad Łabą 90k
19%
Nie znaleziono quizów pasujących do podanych kryteriów
Rozkład punktacji
Procent ludzi z każdym wynikiem
Percentyl według liczby udzielonych odpowiedzi
Twoja historia wyników
Nie rozwiązałeś tego quizu